| 000 | 00523nam a22001817a 4500 | ||
|---|---|---|---|
| 003 | OSt | ||
| 005 | 20140310181956.0 | ||
| 008 | 130727t xxu||||| |||| 00| 0 eng d | ||
| 050 |
_aQK 1 _b.Es78 1997 |
||
| 082 |
_aFIL 581.16 _bE74 1997 |
||
| 245 | _aThe essentials oils research and development program team. | ||
| 260 |
_aLos Baos : _b University of the Philippines, _c1997. |
||
| 300 |
_a53 p., _c23 cm. |
||
| 520 | _a1. Botany--reproduction (propagation) | ||
| 562 | _e1 | ||
| 942 |
_2lcc _cBK |
||
| 999 |
_c7943 _d7943 |
||